Methoden und Instrumentarien der strategischen Arbeit in Wissenschaft und Technik

Na minha lista:
Detalhes bibliográficos
Formato: Livro
Idioma:alemão
Publicado em: Berlin Hochschule für Ökonomie 1990
Edição:1. Aufl.
Tags: Adicionar Tag
Sem tags, seja o primeiro a adicionar uma tag!

MARC

LEADER 00000nam a2200000 4500
001 c028574
005 20221215124704.9
041 0 |a ger 
044 |a DE 
245 1 0 |a Methoden und Instrumentarien der strategischen Arbeit in Wissenschaft und Technik 
250 |a 1. Aufl. 
264 1 |a Berlin  |b Hochschule für Ökonomie  |c 1990 
300 |a 92 s.